| 000 | 00744nam a2200217Ia 4500 | ||
|---|---|---|---|
| 001 | onu4-909 [d000000834] | ||
| 003 | IT-MiCISF | ||
| 008 | 161014s9999||||xx |||||||||||||| ||und|| | ||
| 040 |
_aIT-MiCISF _cIT-MiCISF |
||
| 041 | _aen | ||
| 100 | _aAA.VV. | ||
| 240 | _aThe World Aging Situation: Strategies and Policies | ||
| 245 | 4 | _aThe World Aging Situation: Strategies and Policies | |
| 250 | _a1a ed. | ||
| 260 |
_a New York _bONU _c1985 |
||
| 300 | _app. 301 | ||
| 500 | _aDepartment of International Econimic and Social Affairs / anziani, servizi-anziani, situazione-demografica, economia, politiche-sociali, stratificazione-sociale, comparazione / documento | ||
| 650 | _aterza-età | ||
| 942 | _cBK | ||
| 957 | _71 | ||
| 999 |
_a909 _bsi _g1 _c208765 _d208765 |
||